00469nam a2200145 a 450000100100000000500170001000800410002704000250006808200170009324500770011026000610018730000210024850000430026971000110031200002308420240529114208.0101126s1969 fr r 000 0 spa d aDO-SdBNPbspacBNPHU axxxxxbA396s00aAlgunas sugestiones sobre la enseñanza acerca de los derechos humanos. aParís :bOrganización de las Naciones Unidas,c1969. a165 p. ;c20 cm. aIncluye notas al pie de las páginas.2 aUnesco